| 000 | 00489nam a2200193Ia 4500 | ||
|---|---|---|---|
| 005 | 20240823031142.0 | ||
| 008 | 240823s9999||||xx |||||||||||||| ||und|| | ||
| 020 | _a978-81-8488-939-0 | ||
| 041 | _aENGLISH | ||
| 082 | _A658.4 Q0 | ||
| 100 | _aAswathappa K | ||
| 245 | 0 | _aOrganisational Behaviour | |
| 250 | _a9th | ||
| 260 |
_c2010 _b"Himalaya Publishing House,Bombay" |
||
| 500 | _aYES | ||
| 650 |
_aOrganisational Behaviour _bManagement Studies |
||
| 942 | _cBK | ||
| 999 |
_c190392 _d190392 |
||